MARC

LEADER 00000nab a2200000 a 4500
001 vtls000911616
003 SK-MaSNL
005 20260303171220.0
008 040720e20001116xo 0 slo
035 |a KE20531 
040 |a KEVKJB  |b slo  |c KEVKJB  |e AACR2 
041 0 |a slo 
044 |a xo  |c SK 
080 |a 639.2  |2 1981 
100 1 |a Géci, Stanislav  |4 aut  |9 541661 
245 1 0 |a Rybári skúmali Hornád 
610 2 7 |a Slovenský rybársky zväz  |2 KEVKJB  |9 30748 
650 0 7 |a organizácie miestne  |2 KEVKJB  |9 1021503 
650 0 7 |a prieskumy ichtiologické  |2 KEVKJB  |9 1195455 
650 0 7 |a správy  |2 KEVKJB  |9 276219 
651 7 |a Hornád (Slovensko a Maďarsko : rieka)  |2 KEVKJB  |9 26821 
651 7 |a Košice (Slovensko)  |2 KEVKJB  |9 18694 
651 7 |a Trebejov (Slovensko)  |2 KEVKJB  |9 30203 
651 7 |a Košice-okolie (Slovensko : okres)  |2 KEVKJB  |9 146743 
651 7 |a KE,  |2 KEVKJB  |9 877256 
655 7 |a periodikum  |2 snkbucl  |9 29553 
710 2 |a Slovenský rybársky zväz  |4 aut  |9 30748 
773 0 8 |t Roľnícke noviny, č.219, 16.11.2000 
773 0 8 |i Príl.:  |t Agrárne noviny, s.4. 1 fot. 
852 |a ZVYKNI  |b KIS3GCP 
999 |c 2080359  |d 2082289